| 000 | 00361nam a22001457a 4500 | ||
|---|---|---|---|
| 999 |
_c529853 _d529853 |
||
| 003 | NUST | ||
| 020 |
_a9789695811139 _qH/B. |
||
| 038 | _awaseem | ||
| 082 |
_a297 _bKHA |
||
| 100 |
_aKhan, Mustayeen Ahmed _922765 |
||
| 245 |
_aHikamat-e-Ellahi / _cMustayeen Ahmed Khan |
||
| 260 |
_aLahore : _bAjmal Publication, _c2012. |
||
| 300 | _a279 p. ; | ||
| 942 |
_2ddc _cBK |
||